000 01050nam a2200265 i 4500
001 187047
003 SpMaBN
005 20250901075050.0
008 170405s1999 sp aco |||| | spa d
020 _a84-931179-0-0
080 _a654.19(460)(091)
245 0 0 _aEn el aire
_b: 75 años de radio en España /
_c[coordinación y redacción, Armand Balsebre ; Servicios de Documentación de la Cadena SER ; presentación, Jesús de Polanco].
260 _a[Madrid] :
_bPromotora General de Revistas,
_c[1999]
300 _a258 p. :
_bil. col. y n., fot., retr. ;
_c26 x 26 cm +
_e2 discos (CD-ROM)
500 _aGuía de escucha (discos)
500 _aÍndice onomástico.
504 _aBibliografía: p. 258.
650 7 _aRadiodifusión-
_zEspaña.
_916668
650 4 _aProgramas de radio-
_zEspaña
_916663
700 1 _aBalsebre, Armand,
_d1955-
_9162291
700 1 _aPolanco, Jesús de.
_992800
852 _aES-MaACL
_jL-31368
_z. - Donat. Carmen Zumárraga
852 _aES-MaACL
_jROT 2/7/12-13
999 _c187047
_d187047